Central Library OPAC University of Rajshahi

Turkish fairy tales / (Record no. 7658)

MARC details
000 -LEADER
fixed length control field 00766cam a22002651i 4500
001 - CONTROL NUMBER
control field 7658
003 - CONTROL NUMBER IDENTIFIER
rucl marc code BD-RjUL
005 - DATE AND TIME OF LATEST TRANSACTION
control field 20211208234443.0
008 - FIXED-LENGTH DATA ELEMENTS--GENERAL INFORMATION
fixed length control field 140115r19731963xx c j 000 0 eng
020 ## - INTERNATIONAL STANDARD BOOK NUMBER
International Standard Book Number 0584623984
035 ## - SYSTEM CONTROL NUMBER
System control number (BD-RjUL)7702
System control number (OCoLC)2094994
040 ## - CATALOGING SOURCE
Original cataloging agency DLC
Transcribing agency MoKiU
Modifying agency Uk
-- BD-RjUL
Language of cataloging eng
041 ## - LANGUAGE CODE
Language code of text/sound track or separate title eng
082 04 - DEWEY DECIMAL CLASSIFICATION NUMBER
Classification number 398.21
Author mark and year BRT 1973
100 1# - MAIN ENTRY--PERSONAL NAME
Personal name Brockett, Eleanor
Dates associated with a name 1913-
9 (RLIN) 23881
245 10 - TITLE STATEMENT
Title Turkish fairy tales /
Statement of responsibility, etc. retold by Eleanor Brockett ; illustrated by Harry and Ilse Toothill.
260 ## - PUBLICATION, DISTRIBUTION, ETC. (IMPRINT)
Place of publication, distribution, etc. London :
Name of publisher, distributor, etc. Muller,
Date of publication, distribution, etc. c1963 [reprint 1973].
300 ## - PHYSICAL DESCRIPTION
Pagination 197p. :
Illustrations ill. ;
Size 20 cm.
650 #1 - SUBJECT ADDED ENTRY--TOPICAL TERM
Topical term or geographic name as entry element Fairy tales.
9 (RLIN) 23882
Topical term or geographic name as entry element Folklore
Geographic subdivision Turkey.
9 (RLIN) 23883
942 ## - ADDED ENTRY ELEMENTS (KOHA)
Source of classification or shelving scheme Dewey Decimal Classification
Koha item type Books
Holdings
Lost status Source of classification or shelving scheme Damaged status Not for loan Collection code Permanent Location Current Location Shelving location Date acquired Source of acquisition Cost, normal purchase price Total Checkouts Full call number Date last seen Copy number Koha item type
  Dewey Decimal Classification   Not For Loan Fiction Central Library, University of Rajshahi Central Library, University of Rajshahi   30/10/1978 Heffer and Sons 2.00   398.21 BRT 1973 15/01/2014 C-1 Books